MARC

Tag First Indicator Second Indicator Subfields
LEADER 00000cam a2200000Ia 4500
001 in00002474792
005 20210727085223.0
006 m d
007 cr cn|||||||||
008 081017s2006 gw a sb 101 0 eng d
020 |a 3540324356 
020 |a 9783540324355 
035 |a (OCoLC)262692205 
035 |a (OCoLC)ocn262692205 
035 |a 3072455 
037 |a 978-3-540-31158-4  |b Springer  |n http://www.springerlink.com 
040 |a GW5XE  |b eng  |c GW5XE  |d UtOrBLW 
043 |a a------ 
049 |a TEFA 
050 1 4 |a TK5105.888  |b .A68 2006eb 
082 0 4 |a 004.67/8  |2 22 
111 2 |a APWeb International Workshops  |d (2006 :  |c Harbin, China) 
245 1 0 |a Advanced Web and network technologies, and applications :  |b APWeb 2006 International Workshops : XRA, IWSN, MEGA, and ICSE, Harbin, China, January 16-18, 2006 : proceedings /  |c Heng Tao Shen [and others] (eds.). 
264 1 |a Berlin ;  |a New York :  |b Springer,  |c [2006] 
264 4 |c ©2006 
300 |a xxvii, 1057 pages :  |b illustrations ;  |c 24 cm. 
336 |a text  |b txt  |2 rdacontent 
337 |a computer  |b c  |2 rdamedia 
338 |a online resource  |b cr  |2 rdacarrier 
490 1 |a Lecture notes in computer science,  |x 0302-9743 ;  |v 3842 
500 |a Electronic resource. 
500 |a The workshops were held in conjunction with the 8th Asia-Pacific Web Conference (APWeb 2006). 
504 |a Includes bibliographical references and index. 
533 |a Electronic reproduction.  |b New York :  |c Springer,  |d 2008.  |n Mode of access: World Wide Web.  |n System requirements: Web browser.  |n Title from title screen (viewed on Oct. 10, 2008).  |n Access may be restricted to users at subscribing institutions. 
650 0 |a Application software  |x Development  |v Congresses.  |0 http://id.loc.gov/authorities/subjects/sh2009115141 
650 0 |a Computer science  |v Congresses.  |0 http://id.loc.gov/authorities/subjects/sh2008101220 
650 0 |a Internet  |z Asia  |v Congresses. 
650 0 |a Sensor networks  |v Congresses.  |0 http://id.loc.gov/authorities/subjects/sh2010112623 
650 0 |a World Wide Web  |v Congresses.  |0 http://id.loc.gov/authorities/subjects/sh2008114004 
650 6 |a Informatique  |v Congrès. 
650 6 |a Internet  |z Asie  |v Congrès. 
650 6 |a Logiciels d'application  |x Développement  |v Congrès. 
650 6 |a Réseaux de capteurs  |v Congrès. 
650 6 |a Web  |v Congrès. 
655 7 |a Electronic books.  |2 local 
700 1 |a Shen, Heng Tao.  |0 http://id.loc.gov/authorities/names/nb2006002488 
710 2 |a SpringerLink (Online service)  |0 http://id.loc.gov/authorities/names/no2005046756 
711 2 |a Asia-Pacific Web Conference  |n (8th :  |d 2006 :  |c Harbin, China) 
711 2 |a International Workshop on Metropolis/Enterprise Grid and Applications  |n (1st :  |d 2006 :  |c Harbin, China) 
711 2 |a International Workshop on Sensor Networks  |n (1st :  |d 2006 :  |c Harbin, China) 
711 2 |a International Workshop on Web-Based Internet Computing for Science and Engineering  |n (1st :  |d 2006 :  |c Harbin, China) 
711 2 |a International Workshop on XML Research and Applications  |n (1st :  |d 2006 :  |c Harbin, China) 
776 1 |c Original  |z 3540311580  |z 9783540311584  |w (DLC) 2005938022  |w (OCoLC)63176686 
830 0 |a Lecture notes in computer science.  |x 0302-9743 ;  |v 3842.  |0 http://id.loc.gov/authorities/names/n42015162 
856 4 0 |u http://proxy.library.tamu.edu/login?url=https://dx.doi.org/10.1007/11610496  |z Connect to the full text of this electronic book  |t 0 
994 |a C0  |b TEF 
999 |a MARS 
999 f f |s 92eed288-57a1-3a09-a69a-6be78816d27b  |i 8955ddca-b3a9-32c9-b4aa-fd90fae79027  |t 0 
952 f f |a Texas A&M University  |b College Station  |c Electronic Resources  |d Available Online  |t 0  |e TK5105.888 .A68 2006eb  |h Library of Congress classification 
998 f f |a TK5105.888 .A68 2006eb  |t 0  |l Available Online